Why I am not a Hindu : (Record no. 19567)

MARC details
000 -LEADER
fixed length control field 00959cam a2200289 a 4500
001 - CONTROL NUMBER
control field 3067196
003 - CONTROL NUMBER IDENTIFIER
control field BDDh-ASL
005 - DATE AND TIME OF LATEST TRANSACTION
control field 20231015025804.0
008 - FIXED-LENGTH DATA ELEMENTS--GENERAL INFORMATION
fixed length control field 960725s1996 ii 000 0 eng
010 ## - LIBRARY OF CONGRESS CONTROL NUMBER
LC control number 96901177
020 ## - INTERNATIONAL STANDARD BOOK NUMBER
International Standard Book Number 8185604185
025 ## - OVERSEAS ACQUISITION NUMBER
Overseas acquisition number I-E-96-901177; 69-90
040 ## - CATALOGING SOURCE
Original cataloging agency DLC
Transcribing agency DLC
Modifying agency BDDh-ASL
042 ## - AUTHENTICATION CODE
Authentication code lcode
043 ## - GEOGRAPHIC AREA CODE
Geographic area code a-ii---
050 00 - LIBRARY OF CONGRESS CALL NUMBER
Classification number BL1211
Item number .I43 1996
082 00 - DEWEY DECIMAL CLASSIFICATION NUMBER
Classification number 294.5086
Edition number 21
Item number ILW
100 1# - MAIN ENTRY--PERSONAL NAME
Personal name Ilaiah, K.
Fuller form of name (Kancha),
Dates associated with a name 1952-
245 10 - TITLE STATEMENT
Title Why I am not a Hindu :
Remainder of title a Sudra critique of Hindutva, philosophy, culture, and political economy /
Statement of responsibility, etc. Kancha Ilaiah.
260 ## - PUBLICATION, DISTRIBUTION, ETC.
Place of publication, distribution, etc. Calcutta :
Name of publisher, distributor, etc. Samya ;
Place of publication, distribution, etc. Bombay :
Name of publisher, distributor, etc. Distributed by Bhatkal Books International,
Date of publication, distribution, etc. c1996.
300 ## - PHYSICAL DESCRIPTION
Extent xii, 132 p. ;
Dimensions 22 cm.
650 #0 - SUBJECT ADDED ENTRY--TOPICAL TERM
Topical term or geographic name entry element Hinduism
General subdivision Controversial literature.
651 #0 - SUBJECT ADDED ENTRY--GEOGRAPHIC NAME
Geographic name India
General subdivision Social life and customs.
906 ## - LOCAL DATA ELEMENT F, LDF (RLIN)
a 7
b cbc
c origode
d 3
e ncip
f 19
g y-gencatlg
942 ## - ADDED ENTRY ELEMENTS (KOHA)
Source of classification or shelving scheme Dewey Decimal Classification
Koha item type Books
Holdings
Withdrawn status Lost status Source of classification or shelving scheme Damaged status Not for loan Collection code Home library Current library Shelving location Date acquired Source of acquisition Total Checkouts Full call number Barcode Date last seen Copy number Price effective from Koha item type Public note
    Dewey Decimal Classification   Not For Loan Non-fiction Asiatic Society Library Asiatic Society Library Ludden Collection 12/13/2020 Donated by Prof. David Ludden   294.5086 ILW 102916 12/13/2020 C-1 12/13/2020 Books RARE
    Dewey Decimal Classification   Not For Loan Non-fiction Asiatic Society Library Asiatic Society Library Ludden Collection 12/13/2020 Donated by Prof. David Ludden   294.5086 ILW 102917 12/13/2020 C-2 12/13/2020 Books RARE
    Dewey Decimal Classification   Not For Loan Non-fiction Asiatic Society Library Asiatic Society Library Ludden Collection 12/13/2020 Donated by Prof. David Ludden   294.5086 ILW 102923 12/13/2020 C-3 12/13/2020 Books RARE

Powered by Koha